La Socialdemocràcia i la política de la identitat. Ciutadania, integració i multiculturalisme / Tomas Meyer
ISBN:
1138-4514
Descripción Física:
33 p. ; 21 cm
Colección:
Papers de la fundació ; 147
MARC
| LEADER | 00000nam a2200000Ia 4500 | ||
|---|---|---|---|
| 001 | 18724 | ||
| 008 | 160829s2007 xx 000 0 cat d | ||
| 020 | |a 1138-4514 | ||
| 080 | |a FU-51-27 | ||
| 100 | |a Meyer, Tomas |9 43735 | ||
| 245 | |a La Socialdemocràcia i la política de la identitat. Ciutadania, integració i multiculturalisme / Tomas Meyer | ||
| 260 | |a Barcelona : |b Fundació Rafael Campalans, |c 2007 | ||
| 300 | |a 33 p. ; |c 21 cm | ||
| 490 | |a Papers de la fundació ; 147 | ||
| 590 | |a Bibliografia. | ||
| 590 | |a Títol original: Social Democracy and The Politics of Identity. Citizenship, Integration, and Multiculutralism. | ||
| 650 | |a Socialdemocràcia |9 43736 | ||
| 650 | |a Multiculturalisme |9 38101 | ||
| 710 | |a Fundació Rafael Campalans |9 52024 | ||
| 901 | |a Arxiu | ||
| 942 | |n 1 | ||
| 952 | |0 0 |1 0 |4 0 |6 FU5127 |7 1 |9 51599 |a Arxiu |b Arxiu |d 2016-12-01 |l 0 |o FU-51-27 |p 18724 |r 2016-12-01 00:00:00 |w 2016-12-01 |y ARXIU | ||
| 999 | |c 55444 |d 55444 | ||